00473nam a22001457a 4500003000500000038001800005082000800023100002100031245009000052264003400142300002500176650003600201700003200237856005800269NUST aNusrat Nadeem a200 aZahoor, Musharaf aImpact of International Media Coverage on Palestine-Israel Conflict/cMusharaf Zahoor aIslamabad;bCIPS NUST;c2022. a203,p;bill;c30,cm. aPhD-Peace and Conflict Studies  aSupervisor: Dr. Najma Sadiq u http://10.250.8.41:8080/xmlui/handle/123456789/34205